|
|
|
|
| LEADER |
03851nas a2200721 i 4500 |
| 001 |
nkc20203264651 |
| 003 |
CZ PrNK |
| 005 |
20251119094432.0 |
| 007 |
ta |
| 008 |
201116c20189999xr ar c 0 b0cze |
| 015 |
|
|
|z cnb003353481
|
| 040 |
|
|
|a ABA001
|b cze
|d BOA001
|e rda
|
| 041 |
1 |
|
|a cze
|a eng
|h cze
|
| 043 |
|
|
|a e-xr---
|b e-xr-zl
|2 czenas
|
| 045 |
|
|
|a y-y-
|
| 072 |
|
7 |
|a 378
|x Vysoké školy
|2 Konspekt
|9 22
|
| 080 |
|
|
|a 378.093.5
|2 MRF
|
| 080 |
|
|
|a 378.2
|2 MRF
|
| 080 |
|
|
|a (437.323)
|2 MRF
|
| 080 |
|
|
|a (083.82)
|2 MRF
|
| 110 |
2 |
|
|a Univerzita Tomáše Bati ve Zlíně.
|b Fakulta multimediálních komunikací
|7 kn20020610008
|4 aut
|4 isb
|
| 245 |
1 |
0 |
|a Diplomky ... :
|b diplomové práce studentů Fakulty multimediálních komunikací Univerzity Tomáše Bati ve Zlíně ...
|
| 246 |
1 |
|
|i Název v tiráži:
|a Diplomky_ ... :
|b diplomové práce studentů Fakulty multimediáních komunikací Univezity Tomáše Bati ve Zlíně v akademickém roce ...
|
| 246 |
1 |
|
|i V ročníku 2021 v tiráži též souběžný název:
|a Theses ... :
|b master's theses of students of the Faculty of Multimedia Communications of Tomas Bata University in Zlín in the ... academic year
|
| 246 |
1 |
|
|i Název od ročníku 2025:
|a Diplomky & bakalářky ...
|
| 246 |
3 |
0 |
|a Diplomové práce studentů Fakulty multimediálních komunikací Univerzity Tomáše Bati ve Zlíně ...
|
| 246 |
3 |
0 |
|a Diplomky, dip/ky, dip//
|
| 264 |
|
1 |
|a Zlín :
|b Univerzita Tomáše Bati ve Zlíně, Fakulta multimediálních komunikací,
|c [2018]-
|
| 300 |
|
|
|a ^^^svazků :
|b ilustrace (některé barevné), portréty ;
|c 23 cm
|
| 310 |
|
|
|a 1x ročně
|
| 336 |
|
|
|a text
|b txt
|2 rdacontent
|
| 336 |
|
|
|a statický obraz
|b sti
|2 rdacontent
|
| 337 |
|
|
|a bez média
|b n
|2 rdamedia
|
| 338 |
|
|
|a svazek
|b nc
|2 rdacarrier
|
| 362 |
0 |
|
|a 2018 (v akademickém roce 2017/2018)-
|
| 500 |
|
|
|a Součástí názvu je poslední dvojčíslí běžného roku, součástí podnázvu je označení akademického roku
|
| 500 |
|
|
|a Vydáváno k stejnojmenné výstavě v univerzitní galerii G18 ve Zlíně
|
| 541 |
|
|
|c pv-r
|
| 546 |
|
|
|a Souběžný anglický text
|
| 588 |
|
|
|a Popsáno podle: 2020 (v akademickém roce 2019/2020)
|5 CZ-PrNK
|
| 610 |
2 |
7 |
|a Univerzita Tomáše Bati ve Zlíně.
|b Fakulta multimediálních komunikací
|7 kn20020610008
|2 czenas
|
| 648 |
|
7 |
|a 21. století
|7 ch460559
|2 czenas
|
| 650 |
0 |
7 |
|a fakulty vysokých škol
|7 ph870435
|z Česko
|y 21. století
|2 czenas
|
| 650 |
0 |
7 |
|a diplomové práce
|7 ph114327
|z Česko
|y 21. století
|2 czenas
|
| 650 |
0 |
9 |
|a university faculties
|z Czechia
|y 21st century
|2 eczenas
|
| 650 |
0 |
9 |
|a master's theses
|z Czechia
|y 21st century
|2 eczenas
|
| 651 |
|
7 |
|a Zlín (Česko)
|7 ge128609
|2 czenas
|
| 651 |
|
9 |
|a Zlín (Czechia)
|2 eczenas
|
| 655 |
|
7 |
|a katalogy
|7 fd132535
|2 czenas
|
| 655 |
|
9 |
|a catalogs
|2 eczenas
|
| 710 |
2 |
|
|a Galerie G18 (Zlín, Česko)
|7 ko20191058122
|4 orm
|
| 902 |
|
|
|a 978-80-7678-015-6
|q (2021 ;
|q brožováno)
|
| 902 |
|
|
|a 978-80-7678-076-7
|q (2022 ;
|q brožováno)
|
| 902 |
|
|
|a 978-80-7678-340-9
|q (2025 ;
|q brožováno)
|
| 910 |
2 |
|
|a BOA001
|o 2022
|b 04467-1383.560
|s 2017/2018, 2020-2022, 2025-
|
| 990 |
|
|
|a SE
|
| 995 |
|
|
|a 11
|
| 991 |
|
|
|b 201809
|
| 996 |
6 |
|
|b 2610752498
|c 04467-1383.560
|d 2018
|v 2018
|y 2018
|l MZK
|r Sklad / do 1 hodiny
|n 0
|p p.v.
|w 001686279
|u 000010
|a 1
|e BOA001
|j MZK50
|s P
|
| 996 |
6 |
|
|b 2610841491
|c 04467-1383.560
|d 2020
|v 2020
|y 2020
|l MZK
|r Sklad / do 1 hodiny
|n 0
|p p.v.
|w 001686279
|u 000020
|a 1
|e BOA001
|j MZK50
|s P
|
| 996 |
6 |
|
|b 2610882325
|c 04467-1383.560
|d 2021
|v 2021
|y 2021
|l MZK
|r Sklad / do 1 hodiny
|n 0
|p p.v.
|w 001686279
|u 000030
|a 1
|e BOA001
|j MZK50
|s P
|
| 996 |
6 |
|
|b 2610914484
|c 04467-1383.560
|d 2022
|v 2022
|y 2022
|l MZK
|r Sklad / do 1 hodiny
|n 0
|p p.v.
|w 001686279
|u 000040
|a 1
|e BOA001
|j MZK50
|s P
|
| 996 |
6 |
|
|b 2611012451
|c 04467-1383.560
|d 2025
|v 2025
|y 2025
|l MZK
|r Sklad / do 1 hodiny
|n 0
|p p.v.
|w 001686279
|u 000050
|a 1
|e BOA001
|j MZK50
|s P
|